<?xml version="1.0" encoding="UTF-8"?>
<record
    xmlns:xsi="http://www.w3.org/2001/XMLSchema-instance"
    xsi:schemaLocation="http://www.loc.gov/MARC21/slim http://www.loc.gov/standards/marcxml/schema/MARC21slim.xsd"
    xmlns="http://www.loc.gov/MARC21/slim">

  <leader>01016nam a2200217 a 4500</leader>
  <controlfield tag="001">1001</controlfield>
  <controlfield tag="003">CDMR</controlfield>
  <controlfield tag="005">20131031113755.0</controlfield>
  <controlfield tag="008">130130s1984||||||||||||||||||||||||||||d</controlfield>
  <datafield tag="020" ind1=" " ind2=" ">
    <subfield code="a">843391202X</subfield>
  </datafield>
  <datafield tag="040" ind1=" " ind2=" ">
    <subfield code="a">CDMR</subfield>
    <subfield code="b">cat</subfield>
    <subfield code="c">CDMR</subfield>
  </datafield>
  <datafield tag="100" ind1="1" ind2=" ">
    <subfield code="a">Wolfe, Tom</subfield>
    <subfield code="9">786</subfield>
  </datafield>
  <datafield tag="245" ind1="1" ind2="3">
    <subfield code="a">El nuevo periodismo</subfield>
    <subfield code="c">Tom Wolfe ; traducci&#xF3;n de Jos&#xE9; Luis Guarner</subfield>
  </datafield>
  <datafield tag="250" ind1=" " ind2=" ">
    <subfield code="a">3a ed</subfield>
  </datafield>
  <datafield tag="260" ind1=" " ind2=" ">
    <subfield code="a">Barcelona</subfield>
    <subfield code="c">1984</subfield>
    <subfield code="b">Anagrama</subfield>
  </datafield>
  <datafield tag="490" ind1="0" ind2=" ">
    <subfield code="a">Contrase&#xF1;as</subfield>
    <subfield code="v">2</subfield>
  </datafield>
  <datafield tag="505" ind1=" " ind2=" ">
    <subfield code="a">Cont&#xE9;: &#xBF;Duerme usted desnuda? / Rex Reed ; A la rica marihuana y otros sabores / Terry Southern ; Los ej&#xE9;rcitos de la noche / Norman Mailer ; El general sale a exterminar a Charlie Cong / Nicholas Tomalin ; La Dolce Viva / Barbara L. Goldsmith ; C&#xF3;mo se vende un presidente / Joe McGinnis ; Beth Ann y la macrobi&#xF3;tica / Robert Christgau ; El estudio / John Gregory Dunne ; La Izquierda Exquisita &amp; Maumauando al parachoques / Tom Wolfe</subfield>
  </datafield>
  <datafield tag="650" ind1="0" ind2="4">
    <subfield code="9">797</subfield>
    <subfield code="a">Reportatges literaris</subfield>
  </datafield>
  <datafield tag="650" ind1="0" ind2="4">
    <subfield code="9">3430</subfield>
    <subfield code="a">Periodistes</subfield>
    <subfield code="v">Recull d'escrits</subfield>
  </datafield>
  <datafield tag="942" ind1=" " ind2=" ">
    <subfield code="c">MON</subfield>
    <subfield code="2">udc</subfield>
  </datafield>
  <datafield tag="999" ind1=" " ind2=" ">
    <subfield code="c">1001</subfield>
    <subfield code="d">1001</subfield>
  </datafield>
  <datafield tag="952" ind1=" " ind2=" ">
    <subfield code="0">0</subfield>
    <subfield code="1">0</subfield>
    <subfield code="4">0</subfield>
    <subfield code="7">0</subfield>
    <subfield code="a">CDMR</subfield>
    <subfield code="b">CDMR</subfield>
    <subfield code="d">2013-01-16</subfield>
    <subfield code="l">4</subfield>
    <subfield code="m">2</subfield>
    <subfield code="o">Dj /23</subfield>
    <subfield code="p">CDMR13109286</subfield>
    <subfield code="r">2016-09-20</subfield>
    <subfield code="s">2016-07-07</subfield>
    <subfield code="w">2013-01-16</subfield>
    <subfield code="y">MON</subfield>
  </datafield>
</record>
